Pienimmät valtiot, joilla on ainakin yksi raja - Statistics

Yleistilastot
  • Tätä visaa on pelattu 2 788 kertaa
  • Keskiarvotulos 12 / 20
Vastaustilastot
km2 Valtio % Oikein
0,44 Vatikaani
99%
61 San Marino
93%
2,02 Monaco
90%
468 Andorra
89%
160 Liechtenstein
89%
2 586 Luxemburg
87%
5 765 Brunei
62%
11 586 Qatar
59%
14 919 Itä-TImor
57%
17 364 Swazimaa
53%
17 818 Kuwait
51%
22 966 Belize
49%
10 887 Kosovo
47%
21 041 El Salvador
44%
23 200 Djibouti
42%
20 770 Israel
42%
10 452 Libanon
40%
13 812 Montenegro
40%
11 295 Gambia
38%
20 273 Slovenia
23%
Ehtoja vastaavia visoja ei löytynyt
Tulosjakauma
Jokaisen tuloksen saaneiden osuus
Persentiili vastausten määrän mukaan
Tuloshistoriasi
Et ole pelannut tätä visaa